Histoire du Consulat y de l'Empire / (Record no. 166263)

MARC details
000 -LEADER
campo de control de longitud fija 00870nam a2200205 i 4500
001 - NÚMERO DE CONTROL
campo de control 166263
003 - IDENTIFICADOR DE NÚMERO DE CONTROL
campo de control ES-MaACL
005 - FECHA Y HORA DE LA ÚLTIMA TRANSACCIÓN
campo de control 20260201063018.0
008 - DATOS DE LONGITUD FIJA--INFORMACIÓN GENERAL
campo de control de longitud fija 931025m18451862be a |||| | fre d
100 1# - ENTRADA PRINCIPAL--NOMBRE DE PERSONA
Nombre de persona Thiers, Adolphe,
Fechas asociadas al nombre 1797-1877
9 (RLIN) 173508
245 10 - MENCIÓN DEL TÍTULO
Título Histoire du Consulat y de l'Empire /
Mención de responsabilidad, etc. par A. Thiers.
260 ## - PUBLICACIÓN, DISTRIBUCIÓN, ETC.
Lugar de publicación, distribución, etc. Bruxelles :
Nombre del editor, distribuidor, etc. Meline, Cans et Compagnie,
Fecha de publicación, distribución, etc. 1845-1862.
300 ## - DESCRIPCIÓN FÍSICA
Extensión 6 v. :
Otras características físicas il. ;
Dimensiones 28 cm.
597 #1 - NOTA DE DESCRIPCIÓN FÍSICA
NOTA DE DESCRIPCIÓN FÍSICA Vol. I (823 p.) -- vol. II (835 p.) -- vol. III (572 p.) -- vol. IV (548 p.) -- vol. V (600 p.) -- vol. VI (693 p.)
597 #1 - NOTA DE DESCRIPCIÓN FÍSICA
NOTA DE DESCRIPCIÓN FÍSICA Texto a dos col.
599 #1 - NOTA A LAS ILUSTRACIONES
NOTA A LAS ILUSTRACIONES H. de lám.: "L. David. del., H. Robinson sc.", "Eug. Lami pinx., Waltener sculp.", "Eug. Lami pinx., Ferd. Delannois sc.", "Staal pinx., Ferd. Delannois sc."
650 #4 - PUNTO DE ACCESO ADICIONAL DE MATERIA--TÉRMINO DE MATERIA
Término de materia o nombre geográfico como elemento de entrada
9 (RLIN) 241194
852 ## - LOCALIZACIÓN
Ubicación ES-MaACL
Número de control de estantería F-2204-2209
Nota libre -- Enc. hol.
Holdings
Estatus retirado Estado de pérdida Estado de daño No para préstamo Colección Biblioteca de origen Biblioteca actual Ubicación en estantería Fecha de adquisición Fuente de adquisición Total de préstamos Signatura topográfica completa Código de barras Visto por última vez Precio de reemplazo Tipo de ítem Koha
        Libros del s. XIX Biblioteca del Ateneo de Madrid Biblioteca del Ateneo de Madrid Depósito 2 17/01/2008     F-2204-2209 1174364 23/02/2023 23/02/2023 Libro impreso antiguo